[Event "82nd Tata Steel Masters 2020"]
[Site "Wijk aan Zee"]
[Date "2020.01.14"]
[Round "4.7"]
[White "Artemiev, Vladislav"]
[Black "Kovalev, Vladislav"]
[Result "1-0"]
[WhiteElo "2731"]
[BlackElo "2660"]
[Annotator "TA"]
[PlyCount "87"]
[EventDate "2020.01.11"]
[EventType "tourn"]
[EventCountry "NED"]
[SourceTitle "playchess.com"]
[Source "ChessBase"]
[SourceQuality "1"]

1. d4 Nf6 2. c4 e6 3. Nc3 Bb4 4. Bd2 O-O 5. Nf3 b6 6. e3 d5 7. Rc1 Ba6 8. Qa4 c5 9. cxd5 Bxf1 10. Rxf1 exd5 11. Ke2 Nbd7 12. Rfd1 Qe7 13. Kf1 Rfc8 14. Qa6 Qe6 15. Ne2 Bxd2 16. Nxd2 Qf5 17. h3 Nf8 18. Nf3 Qd7 19. Ne5 Qc7 20. Kg1 Ne6 21. Rc2 Rab8 22. Qb5 a6 23. Qxa6 Ra8 24. Qd3 Rxa2 25. Qf5 Rca8 26. Nc3 Ra1 27. Rcd2 cxd4 28. exd4 Rxd1+ 29. Rxd1 Re8 30. Nf3 Qc4 31. g4 h6 32. h4 Qb3 33. Rd2 b5 34. g5 hxg5 35. hxg5 Nh7 36. Nxd5 g6 37. Nf6+ Nxf6 38. Qxf6 Qd5 39. Re2 Rd8 40. Rxe6 fxe6 41. Ne5 Rf8 42. Qxg6+ Kh8 43. Qh6+ Kg8 44. Ng6 1-0

[Event "85th Tata Steel Masters 2023"]
[Site "Wijk aan Zee"]
[Date "2023.01.17"]
[Round "4.7"]
[White "Van Foreest, Jorden"]
[Black "Gukesh D"]
[Result "1/2-1/2"]
[WhiteElo "2681"]
[BlackElo "2725"]
[Annotator "TA"]
[PlyCount "64"]
[EventDate "2023.01.10"]
[EventType "tourn"]
[EventCountry "NED"]
[SourceTitle "playchess.com"]
[Source "ChessBase"]
[SourceQuality "1"]

1. e4 c5 2. Nf3 Nc6 3. Nc3 e6 4. d4 cxd4 5. Nxd4 Nf6 6. Be2 d6 7. Qd3 Bd7 8. Bg5 a6 9. O-O-O h6 10. Nxc6 Bxc6 11. Bf4 Qa5 12. Kb1 Rd8 13. Rhe1 Be7 14. Qg3 g5 15. Bd2 Qc7 16. Bd3 Kd7 17. f3 Kc8 18. Qf2 Rhe8 19. Be3 Nd7 20. Ne2 Nc5 21. Nd4 d5 22. Nxc6 Qxc6 23. exd5 Rxd5 24. Bc4 Rxd1+ 25. Rxd1 Rd8 26. Rxd8+ Kxd8 27. Be2 Qd5 28. a3 f5 29. Qe1 Nd7 30. h4 Bf6 31. hxg5 hxg5 32. Bc1 Nc5 1/2-1/2

[Event "83rd Tata Steel Masters 2021"]
[Site "Wijk aan Zee"]
[Date "2021.01.19"]
[Round "4.7"]
[White "Tari, Aryan"]
[Black "Firouzja, Alireza"]
[Result "1/2-1/2"]
[WhiteElo "2625"]
[BlackElo "2749"]
[Annotator "TA"]
[PlyCount "59"]
[EventDate "2021.01.16"]
[EventType "tourn"]
[EventCountry "NED"]
[SourceTitle "playchess.com"]
[Source "ChessBase"]
[SourceQuality "1"]

1. e4 c6 2. d4 d5 3. e5 Bf5 4. Nf3 e6 5. Be2 Ne7 6. c3 Ng6 7. O-O Nd7 8. Ne1 h5 9. Be3 Qb6 10. b3 f6 11. Bxh5 fxe5 12. g4 Rxh5 13. gxh5 Nf4 14. dxe5 Nh3+ 15. Kg2 c5 16. f4 Qc6 17. Nf3 O-O-O 18. Nbd2 Nb6 19. Qe1 Be7 20. Rc1 d4 21. cxd4 Nd5 22. Nc4 Ndxf4+ 23. Bxf4 Nxf4+ 24. Kg1 Bg4 25. Rc3 Rxd4 26. Nd6+ Kb8 27. Qe3 Bg5 28. Rxc5 Qxc5 29. Nxg5 Ne2+ 30. Kg2 1/2-1/2

[Event "84th Tata Steel Masters 2022"]
[Site "Wijk aan Zee"]
[Date "2022.01.18"]
[Round "4.7"]
[White "Praggnanandhaa R"]
[Black "Grandelius, Nils"]
[Result "1-0"]
[WhiteElo "2612"]
[BlackElo "2672"]
[Annotator "TA"]
[PlyCount "127"]
[EventDate "2022.01.15"]
[EventType "tourn"]
[EventCountry "NED"]
[SourceTitle "playchess.com"]
[Source "ChessBase"]
[SourceQuality "1"]

1. d4 Nf6 2. c4 g6 3. Nc3 d5 4. cxd5 Nxd5 5. e4 Nxc3 6. bxc3 Bg7 7. Qa4+ Nd7 8. Nf3 O-O 9. Qa3 c5 10. Be2 b6 11. h4 e5 12. d5 Nf6 13. Bg5 Qe8 14. Bxf6 Bxf6 15. h5 Bg4 16. Nd2 Bd7 17. c4 Qe7 18. Qc3 Bg7 19. Qe3 f5 20. hxg6 hxg6 21. a4 Bf6 22. a5 Bg5 23. Qh3 Qg7 24. Qc3 Qf6 25. Bd3 Qe7 26. Nf3 Bf6 27. Qc2 Rac8 28. axb6 axb6 29. O-O f4 30. Ra7 Qd6 31. Be2 Bd8 32. Nh2 Bc7 33. Rfa1 Kg7 34. Bg4 Bxg4 35. Nxg4 Rf7 36. f3 Rh8 37. Qb2 Rh5 38. Rb7 Qd8 39. Raa7 Kg8 40. Kf2 Rh1 41. Ra1 Rh4 42. Rxc7 Rxc7 43. Qxe5 Rf7 44. Qe6 Rxg4 45. Qxg4 Kg7 46. Qe6 Qh4+ 47. Ke2 Qg5 48. Kf1 Qh4 49. Kg1 Qf6 50. Qxf6+ Kxf6 51. Kf2 Ke5 52. Ke2 Kd4 53. Rd1+ Ke5 54. Ra1 Kd4 55. Rd1+ Ke5 56. Kd3 Ra7 57. Kc3 g5 58. Kb3 g4 59. d6 gxf3 60. gxf3 Ke6 61. d7 Rxd7 62. Rxd7 Kxd7 63. Ka4 Kc6 64. e5 1-0

[Event "85th Tata Steel Challengers 2023"]
[Site "Wijk aan Zee"]
[Date "2023.01.17"]
[Round "4.7"]
[White "Mishra, Abhimanyu"]
[Black "L'Ami, Erwin"]
[Result "0-1"]
[WhiteElo "2559"]
[BlackElo "2627"]
[Annotator "TA"]
[PlyCount "154"]
[EventDate "2023.01.10"]
[EventType "tourn"]
[EventCountry "NED"]
[SourceTitle "playchess.com"]
[Source "ChessBase"]
[SourceQuality "1"]

1. d4 d5 2. Nf3 Nf6 3. c4 e6 4. g3 dxc4 5. Bg2 c5 6. O-O Nc6 7. Qa4 Bd7 8. dxc5 Qa5 9. Qxa5 Nxa5 10. Bd2 Nc6 11. Na3 Bxc5 12. Nxc4 Nd5 13. a3 Be7 14. b4 O-O 15. b5 Nb8 16. a4 a6 17. b6 Rc8 18. Rfc1 Nc6 19. a5 f6 20. e4 Ndb4 21. e5 Nd5 22. Nd6 Bxd6 23. exd6 Rd8 24. Ne1 Be8 25. Nd3 Rxd6 26. Nc5 Nd8 27. Ne4 Rc6 28. Nc3 Nxc3 29. Bxc6 Ne2+ 30. Kf1 Nxc6 31. Kxe2 Nd4+ 32. Ke3 Nb3 33. Bb4 Nxa1 34. Rxa1 Rc8 35. Ra3 Rc4 36. Bd2 Bc6 37. f3 Rc5 38. Rd3 Kf7 39. Rd8 Rb5 40. f4 h6 41. Bc3 Rb1 42. Rd6 Ke7 43. Rd4 g5 44. Rc4 Kf7 45. Rd4 Rf1 46. Bb4 Kg6 47. Be7 Bd5 48. Bf8 Re1+ 49. Kd3 Rh1 50. fxg5 hxg5 51. h4 Rh3 52. Bd6 Bc6 53. Kd2 e5 54. Rc4 Bd5 55. Rc5 Be4 56. Bxe5 gxh4 57. Bc7 f5 58. gxh4 Rd3+ 59. Ke2 Kh5 60. Re5 Kxh4 61. Re8 Ra3 62. Re5 Kg4 63. Bd6 Ra4 64. Kf2 Bc6 65. Rc5 Be4 66. Re5 f4 67. Re7 Bd5 68. Bc7 Rxa5 69. Rg7+ Kf5 70. Rh7 Ra2+ 71. Ke1 f3 72. Rh5+ Ke4 73. Re5+ Kd4 74. Rf5 Ke3 75. Bf4+ Ke4 76. Re5+ Kd4 77. Bg3 f2+ 0-1

[Event "84th Tata Steel Challengers 2022"]
[Site "Wijk aan Zee"]
[Date "2022.01.18"]
[Round "4.7"]
[White "Maurizzi, Marc`Andria"]
[Black "Zhu, Jiner"]
[Result "0-1"]
[WhiteElo "2496"]
[BlackElo "2478"]
[Annotator "TA"]
[PlyCount "110"]
[EventDate "2022.01.15"]
[EventType "tourn"]
[EventCountry "NED"]
[SourceTitle "playchess.com"]
[Source "ChessBase"]
[SourceQuality "1"]

1. d4 Nf6 2. c4 e6 3. Nc3 d5 4. cxd5 Nxd5 5. e4 Nxc3 6. bxc3 c5 7. Rb1 Be7 8. Nf3 O-O 9. Bc4 a6 10. a4 Qc7 11. Bd3 cxd4 12. cxd4 Nc6 13. O-O Nb4 14. Ba3 Nxd3 15. Qxd3 Bxa3 16. Qxa3 Bd7 17. Ne5 Rfc8 18. Rfc1 Qd8 19. Rxb7 Bxa4 20. Nxf7 Qxd4 21. h3 Qxe4 22. Nd6 Rxc1+ 23. Qxc1 Qd4 24. Qa3 Rf8 25. Qg3 Bc6 26. Re7 Bd5 27. Kh2 Rxf2 28. Re8+ Rf8 29. Re7 h6 30. Ne8 Rf7 31. Rxf7 Kxf7 32. Nc7 a5 33. Nb5 Qd2 34. h4 Kg8 35. Nc7 a4 36. Nxd5 Qxd5 37. Qb8+ Kh7 38. Qb1+ Qf5 39. Qb4 Qc2 40. h5 e5 41. Qa3 Qc4 42. Qh3 Qf4+ 43. Kh1 e4 44. Qe6 a3 45. Qg6+ Kg8 46. Qe8+ Qf8 47. Qxe4 a2 48. Qd5+ Qf7 49. Qa8+ Kh7 50. Qe4+ Kh8 51. Qa8+ Qg8 52. Qa5 Qc4 53. Kh2 Qh4+ 54. Kg1 Qd4+ 55. Kh2 a1=Q 0-1

[Event "80th Tata Steel Challengers 2018"]
[Site "Wijk aan Zee"]
[Date "2018.01.17"]
[Round "5"]
[White "Amin, Bassem"]
[Black "Gordievsky, Dmitry"]
[Result "1-0"]
[WhiteElo "2693"]
[BlackElo "2622"]
[Annotator "TA"]
[PlyCount "53"]
[EventDate "2018.??.??"]
[EventType "tourn"]
[EventCountry "NED"]
[SourceTitle "playchess.com"]
[Source "ChessBase"]
[SourceQuality "1"]

1. e4 c5 2. Nf3 Nf6 3. e5 Nd5 4. Nc3 Nxc3 5. dxc3 Nc6 6. Bc4 e6 7. Bf4 Qb6 8. Nd2 Qxb2 9. Ne4 Qb6 10. Qg4 Na5 11. Be2 Qb2 12. O-O Qxc2 13. Qf3 Qa4 14. Rab1 a6 15. Rfd1 h6 16. Bg3 Nc6 17. Qf4 b5 18. Bh5 Nd8 19. Bh4 Bb7 20. Bxd8 Kxd8 21. Qxf7 Bc6 22. Bf3 Kc7 23. Ng5 Kb6 24. Bxc6 Ra7 25. Rxd7 Qxa2 26. Rb7+ Rxb7 27. Qxb7+ 1-0

[Event "80th Tata Steel Challengers 2018"]
[Site "Wijk aan Zee"]
[Date "2018.01.17"]
[Round "5"]
[White "Krasenkow, Michal"]
[Black "Bluebaum, Matthias"]
[Result "1/2-1/2"]
[WhiteElo "2671"]
[BlackElo "2640"]
[Annotator "TA"]
[PlyCount "186"]
[EventDate "2018.??.??"]
[EventType "tourn"]
[EventCountry "NED"]
[SourceTitle "playchess.com"]
[Source "ChessBase"]
[SourceQuality "1"]

1. d4 Nf6 2. c4 e6 3. Nf3 d5 4. Nc3 Bb4 5. Qa4+ Nc6 6. e3 O-O 7. Qc2 Ne7 8. a3 Bxc3+ 9. Qxc3 b6 10. b3 Bb7 11. Be2 dxc4 12. bxc4 c5 13. O-O Rc8 14. Rd1 Qc7 15. Bb2 cxd4 16. Nxd4 Qc5 17. a4 Qg5 18. Nf3 Bxf3 19. Bxf3 Nc6 20. Rac1 Na5 21. Qb4 Rc5 22. Bd4 Rf5 23. Bxf6 gxf6 24. h4 Qg7 25. Kf1 Rc5 26. Rd7 f5 27. g3 Rfc8 28. Rcd1 Qf6 29. Rxa7 Nxc4 30. Bh5 Ne5 31. Qxb6 Rc2 32. Qb7 Rf8 33. Qb3 Rc5 34. Qb2 Kg7 35. a5 f4 36. exf4 Nc6 37. Qb6 Qc3 38. Rxf7+ Rxf7 39. Bxf7 Kxf7 40. Rd7+ Kf6 41. a6 Qc4+ 42. Kg1 Rb5 43. Qe3 Rb3 44. Qe1 Qc2 45. Rd1 Qc5 46. Rc1 Qd5 47. Ra1 Qd4 48. Kg2 Rb2 49. Ra3 Qc5 50. Qc3+ Qxc3 51. Rxc3 Rb6 52. a7 Nxa7 53. Rc7 Nc6 54. Rxh7 Ne7 55. h5 Nd5 56. Rh6+ Kf7 57. Rh7+ Kf6 58. Kf3 Rb3+ 59. Kg4 Rb5 60. Ra7 Rb2 61. Kf3 Rb3+ 62. Kg2 Rb5 63. h6 Kg6 64. h7 Rb8 65. Kf3 Nf6 66. Re7 Rb3+ 67. Kg2 Nxh7 68. Rxe6+ Nf6 69. Re3 Rb2 70. Kf3 Ra2 71. Rb3 Rc2 72. Rb6 Rc3+ 73. Ke2 Kf7 74. Rb5 Kg6 75. f3 Nh5 76. Rg5+ Kh6 77. Kf2 Ra3 78. Kg2 Ra4 79. Rf5 Kg6 80. Rg5+ Kh6 81. Rg8 Nxf4+ 82. gxf4 Rxf4 83. Kg3 Rf6 84. Rg4 Rf7 85. Kf2 Ra7 86. Rg8 Kh7 87. Rg4 Kh6 88. Rg8 Kh7 89. Rg5 Kh6 90. Rg4 Ra2+ 91. Kg3 Ra1 92. Kf4 Ra4+ 93. Kf5 Ra5+ 1/2-1/2

[Event "80th Tata Steel Challengers 2018"]
[Site "Wijk aan Zee"]
[Date "2018.01.17"]
[Round "5"]
[White "Van Foreest, Jorden"]
[Black "Korobov, Anton"]
[Result "0-1"]
[WhiteElo "2629"]
[BlackElo "2652"]
[Annotator "TA"]
[PlyCount "86"]
[EventDate "2018.??.??"]
[EventType "tourn"]
[EventCountry "NED"]
[SourceTitle "playchess.com"]
[Source "ChessBase"]
[SourceQuality "1"]

1. e4 e5 2. Nf3 Nc6 3. Bb5 a6 4. Ba4 Nf6 5. d3 d6 6. c3 g6 7. h3 Bg7 8. Be3 O-O 9. O-O Ne7 10. Nbd2 c5 11. d4 exd4 12. cxd4 b5 13. Bb3 c4 14. Bc2 d5 15. e5 Ne8 16. Re1 Bf5 17. Nf1 Bxc2 18. Qxc2 Nf5 19. Bg5 Nxd4 20. Nxd4 Qxg5 21. Rad1 Nc7 22. Nc6 Ne6 23. g3 Rfe8 24. h4 Qh5 25. f4 Bf8 26. Ne3 Qf3 27. Qg2 Qxg2+ 28. Kxg2 Rec8 29. Nd4 Bc5 30. Nf3 d4 31. Nd5 h5 32. b4 Ba7 33. Ne7+ Kf8 34. Nxc8 Rxc8 35. Nd2 d3 36. Ne4 Nd4 37. Rd2 Ke7 38. Rc1 Rd8 39. Rc3 Nc6 40. Ra3 a5 41. Nd6 Rb8 42. bxa5 Bc5 43. Rc3 Bb4 0-1

[Event "80th Tata Steel Challengers 2018"]
[Site "Wijk aan Zee"]
[Date "2018.01.17"]
[Round "5"]
[White "Tari, Aryan"]
[Black "Xiong, Jeffery"]
[Result "1-0"]
[WhiteElo "2599"]
[BlackElo "2634"]
[Annotator "TA"]
[PlyCount "85"]
[EventDate "2018.??.??"]
[EventType "tourn"]
[EventCountry "NED"]
[SourceTitle "playchess.com"]
[Source "ChessBase"]
[SourceQuality "1"]

1. e4 c5 2. Nf3 d6 3. d4 cxd4 4. Nxd4 Nf6 5. Nc3 a6 6. h3 e5 7. Nde2 h5 8. g3 Be6 9. Bg2 b5 10. O-O Nbd7 11. a4 b4 12. Nd5 Nxd5 13. exd5 Bf5 14. Bd2 a5 15. b3 Be7 16. c3 Nf6 17. cxb4 axb4 18. Bxb4 Qd7 19. Kh2 Rb8 20. Be1 Kf8 21. Rc1 Kg8 22. Nc3 Kh7 23. Nb5 Rhc8 24. Rc6 Bg6 25. Bb4 Ne4 26. Bxe4 Bxe4 27. Nxd6 Bxd6 28. Bxd6 Ra8 29. Qxh5+ Kg8 30. Bxe5 Rxc6 31. dxc6 Qxc6 32. Qg4 Bg6 33. Qd4 f6 34. Bf4 Kh7 35. Rc1 Qf3 36. Rc3 Qe2 37. Be3 Ra5 38. Qd2 Qh5 39. Rc4 Rd5 40. Qb4 Qd1 41. Rh4+ Rh5 42. Qg4 Qxg4 43. hxg4 1-0

[Event "80th Tata Steel Challengers 2018"]
[Site "Wijk aan Zee"]
[Date "2018.01.17"]
[Round "5"]
[White "Harika, Dronavalli"]
[Black "Van Foreest, Lucas"]
[Result "1/2-1/2"]
[WhiteElo "2497"]
[BlackElo "2481"]
[Annotator "TA"]
[PlyCount "128"]
[EventDate "2018.??.??"]
[EventType "tourn"]
[EventCountry "NED"]
[SourceTitle "playchess.com"]
[Source "ChessBase"]
[SourceQuality "1"]

1. c4 Nf6 2. g3 e6 3. Bg2 d5 4. Nf3 dxc4 5. Qa4+ Bd7 6. Qxc4 c5 7. Ne5 Qc8 8. b3 Nc6 9. Nxd7 Qxd7 10. Bb2 Be7 11. O-O O-O 12. Rd1 Rac8 13. Nc3 Rfd8 14. Ne4 Nxe4 15. Qxe4 b6 16. Rac1 Bg5 17. h4 Bh6 18. Bc3 g6 19. e3 Bg7 20. Bxg7 Kxg7 21. d4 Ne7 22. Bf3 cxd4 23. Rxc8 Qxc8 24. Rxd4 Rxd4 25. Qxd4+ Kg8 26. h5 Qc7 27. Qf6 Nf5 28. Kg2 Ng7 29. hxg6 hxg6 30. Be4 Ne8 31. Qd4 Nd6 32. Bf3 Nf5 33. Qd2 Qe5 34. a4 Kg7 35. Qd3 Qc5 36. Qd2 a5 37. Qb2+ Kf8 38. Qf6 Ke8 39. Qh8+ Ke7 40. Qb8 Qd6 41. Qc8 Qb4 42. Qc7+ Kf6 43. Qd8+ Kg7 44. Qd3 Qc5 45. Qd2 Nd6 46. Qd3 Kf6 47. Qd2 Ke7 48. Qd3 Ne8 49. Qe4 Nf6 50. Qb7+ Kf8 51. Qb8+ Kg7 52. Qd8 Qb4 53. Qd3 Ne8 54. Kf1 Kf8 55. Qc2 Nf6 56. Kg2 Qd6 57. Qc8+ Kg7 58. Qc3 Qd8 59. b4 axb4 60. Qxb4 Kg8 61. Qc3 Nd7 62. Kg1 Nc5 63. a5 Qc7 64. axb6 Qxb6 1/2-1/2

[Event "80th Tata Steel Challengers 2018"]
[Site "Wijk aan Zee"]
[Date "2018.01.17"]
[Round "5"]
[White "Girya, Olga"]
[Black "Bok, Benjamin"]
[Result "1/2-1/2"]
[WhiteElo "2489"]
[BlackElo "2607"]
[Annotator "TA"]
[PlyCount "224"]
[EventDate "2018.??.??"]
[EventType "tourn"]
[EventCountry "NED"]
[SourceTitle "playchess.com"]
[Source "ChessBase"]
[SourceQuality "1"]

1. d4 d6 2. e4 Nf6 3. Nc3 g6 4. Bf4 Nbd7 5. e5 Nh5 6. Be3 dxe5 7. dxe5 Nxe5 8. Qxd8+ Kxd8 9. O-O-O+ Bd7 10. Be2 f6 11. g4 Ng7 12. f4 Nf7 13. Nf3 Nd6 14. h3 c6 15. Rd2 Kc7 16. Rhd1 Nge8 17. Ne4 Bc8 18. Nf2 b6 19. c4 c5 20. b4 Nb7 21. bxc5 Nxc5 22. Nd4 Nd6 23. Nb5+ Nxb5 24. cxb5 a6 25. Bf3 Ra7 26. f5 gxf5 27. gxf5 Bxf5 28. Ng4 Bxg4 29. Bxg4 axb5 30. Kb1 e6 31. Bxc5 bxc5 32. Rd8 Kb6 33. Bxe6 Bg7 34. R8d6+ Ka5 35. Bf5 Re8 36. R6d3 Bf8 37. Ra3+ Kb6 38. Rxa7 Kxa7 39. Bxh7 c4 40. h4 Kb6 41. Rf1 Ka5 42. Rxf6 Re1+ 43. Kc2 Ba3 44. h5 Ra1 45. h6 Rxa2+ 46. Kd1 Rh2 47. Be4 Bb2 48. Rd6 Rh4 49. Bf5 Rh5 50. Be4 Rh4 51. Bf5 Rh5 52. Be4 Re5 53. Bc6 Rc5 54. h7 Kb4 55. Kc2 Bc3 56. Rh6 Bh8 57. Rd6 Rh5 58. Rd5 Rh2+ 59. Kd1 c3 60. Rxb5+ Kc4 61. Rg5 Rxh7 62. Kc2 Bd4 63. Be4 Rh8 64. Bd3+ Kb4 65. Be4 Rf8 66. Kd3 Bh8 67. Rg2 Rf1 68. Kc2 Bd4 69. Re2 Kc5 70. Rg2 Ra1 71. Re2 Be5 72. Bg6 Bf6 73. Bf5 Kd4 74. Re4+ Kd5 75. Re2 Bd4 76. Bg6 Kc5 77. Bf5 Rf1 78. Bd3 Ra1 79. Bf5 Ra3 80. Bg6 Bg7 81. Bf5 Ra7 82. Bg6 Kc4 83. Bd3+ Kd4 84. Re4+ Kc5 85. Re2 Ra2+ 86. Kb1 Ra8 87. Kc2 Rb8 88. Bg6 Kc4 89. Bd3+ Kd4 90. Re4+ Kc5 91. Re2 Rb2+ 92. Kd1 Rb3 93. Kc2 Ra3 94. Bg6 Bh6 95. Kd3 Ra6 96. Bh7 Kb4 97. Bg8 Bd2 98. Re4+ Ka3 99. Kc2 Rb6 100. Rc4 Rb2+ 101. Kd3 Rb8 102. Bh7 Kb2 103. Bg6 Rb6 104. Bf5 Rf6 105. Rc5 Rf8 106. Ke2 Re8+ 107. Kf3 Be3 108. Rc6 Rf8 109. Kg4 Bf2 110. Rc7 Rf6 111. Rc8 Be3 112. Rc7 Rf8 1/2-1/2

[Event "81st Tata Steel Tienkamp 2019"]
[Site "Wijk aan Zee"]
[Date "2019.01.22"]
[Round "5"]
[White "Vrolijk, Liam"]
[Black "Rapport, Jovana"]
[Result "1/2-1/2"]
[WhiteElo "2433"]
[BlackElo "2375"]
[Annotator "TA"]
[PlyCount "57"]
[EventDate "2019.01.12"]
[EventType "tourn"]
[EventCountry "NED"]
[SourceTitle "playchess.com"]
[Source "ChessBase"]
[SourceQuality "1"]

1. d4 Nf6 2. Nf3 e6 3. c4 b6 4. g3 Bb7 5. Bg2 Bb4+ 6. Nbd2 c5 7. a3 Bxd2+ 8. Qxd2 cxd4 9. Qxd4 Nc6 10. Qf4 Na5 11. b4 Nb3 12. Rb1 Nxc1 13. Rxc1 Rc8 14. O-O Qc7 15. Qe3 O-O 16. Rfd1 d6 17. Nd4 Bxg2 18. Kxg2 Qb7+ 19. Qf3 Qxf3+ 20. Kxf3 a6 21. b5 Ra8 22. bxa6 Rxa6 23. Nb5 Rd8 24. Rd3 Ne8 25. Rcd1 Rc8 26. Nxd6 Nxd6 27. Rxd6 Rxa3+ 28. R1d3 Raa8 29. Rxb6 1/2-1/2

[Event "81st Tata Steel Tienkamp 2019"]
[Site "Wijk aan Zee"]
[Date "2019.01.22"]
[Round "5"]
[White "Beukema, Stefan"]
[Black "Brink, Barry"]
[Result "0-1"]
[WhiteElo "2414"]
[BlackElo "2385"]
[Annotator "TA"]
[PlyCount "68"]
[EventDate "2019.01.12"]
[EventType "tourn"]
[EventCountry "NED"]
[SourceTitle "playchess.com"]
[Source "ChessBase"]
[SourceQuality "1"]

1. e4 c5 2. Nf3 e6 3. d4 cxd4 4. Nxd4 Nc6 5. Nc3 Qc7 6. Be3 a6 7. Bd3 Nf6 8. O-O b5 9. Nb3 Be7 10. f4 d6 11. a4 b4 12. Nb1 e5 13. f5 g6 14. fxg6 hxg6 15. Qf3 Be6 16. a5 Ng4 17. Bb6 Qd7 18. h3 Nf6 19. N1d2 Kf8 20. Nc4 Kg7 21. Ne3 Nh7 22. h4 Bxh4 23. Nf5+ gxf5 24. exf5 Bxb3 25. Qg4+ Kf6 26. cxb3 Bg5 27. Be4 Rag8 28. Qf3 Nd4 29. Qd3 Qb5 30. Qh3 Bd2 31. Bd3 Qd5 32. Bc4 Qe4 33. Bd3 Be3+ 34. Kh2 Rxg2+ 0-1

[Event "81st Tata Steel Tienkamp 2019"]
[Site "Wijk aan Zee"]
[Date "2019.01.22"]
[Round "5"]
[White "Martens, Martin"]
[Black "Kevlishvili, Robby"]
[Result "0-1"]
[WhiteElo "2382"]
[BlackElo "2453"]
[Annotator "TA"]
[PlyCount "96"]
[EventDate "2019.01.12"]
[EventType "tourn"]
[EventCountry "NED"]
[SourceTitle "playchess.com"]
[Source "ChessBase"]
[SourceQuality "1"]

1. c4 e5 2. g3 Nf6 3. Bg2 d5 4. cxd5 Nxd5 5. Nc3 Nb6 6. d3 Be7 7. Be3 O-O 8. Rc1 Re8 9. Qc2 Bf8 10. a3 c6 11. Nf3 Na6 12. O-O Nc7 13. Rcd1 Bf5 14. Nh4 Bd7 15. d4 exd4 16. Bxd4 Qc8 17. Nf3 Bf5 18. Qb3 Ne6 19. Be3 Nc5 20. Qb4 Ne4 21. Qb3 Nxc3 22. bxc3 Be6 23. Qc2 Nc4 24. Bc1 Bxa3 25. Ng5 Bf5 26. e4 Bxc1 27. Rxc1 Bg6 28. Qe2 b5 29. h4 h6 30. h5 Bf5 31. Qf3 Be6 32. Nxe6 Qxe6 33. Rfe1 Rad8 34. Ra1 a5 35. e5 Rd5 36. Qf4 Rxe5 37. Rxe5 Qxe5 38. Bxc6 Re6 39. Qxe5 Rxe5 40. g4 Rc5 41. Bd7 Kf8 42. Bf5 a4 43. Rd1 Nb6 44. Rd6 Nd5 45. c4 bxc4 46. Ra6 c3 47. Bc2 Nb4 48. Ra8+ Ke7 0-1

[Event "82nd Tata Steel Masters 2020"]
[Site "Wijk aan Zee"]
[Date "2020.01.16"]
[Round "5.1"]
[White "Carlsen, Magnus"]
[Black "Dubov, Daniil"]
[Result "1/2-1/2"]
[WhiteElo "2872"]
[BlackElo "2683"]
[Annotator "TA"]
[PlyCount "93"]
[EventDate "2020.01.11"]
[EventType "tourn"]
[EventCountry "NED"]
[SourceTitle "playchess.com"]
[Source "ChessBase"]
[SourceQuality "1"]

1. e4 c5 2. Nf3 Nc6 3. Bb5 g6 4. O-O Bg7 5. Re1 e5 6. Bxc6 dxc6 7. d3 Qe7 8. a4 Nf6 9. Bg5 h6 10. Be3 O-O 11. h3 b6 12. a5 Ba6 13. Qd2 Kh7 14. Qc3 Nd7 15. axb6 axb6 16. Nbd2 f5 17. Nc4 Qe6 18. Qb3 fxe4 19. Nfd2 exd3 20. cxd3 e4 21. Nxe4 Bxc4 22. Qxc4 Qd5 23. Rxa8 Rxa8 24. Qc2 Ne5 25. Rd1 Rd8 26. Nc3 Qd7 27. b3 Qf5 28. Ne4 Rd5 29. Nc3 Rxd3 30. Rxd3 Qxd3 31. Qxd3 Nxd3 32. Na4 c4 33. bxc4 b5 34. cxb5 cxb5 35. Nc5 Nxc5 36. Bxc5 Kg8 37. Kf1 Kf7 38. Ke2 Ke6 39. Kd3 Kd5 40. Bb4 Bd4 41. f4 Bc5 42. Bd2 Bf8 43. g4 b4 44. h4 h5 45. gxh5 gxh5 46. Bxb4 Bxb4 47. Ke3 1/2-1/2

[Event "83rd Tata Steel Masters 2021"]
[Site "Wijk aan Zee"]
[Date "2021.01.21"]
[Round "5.1"]
[White "Carlsen, Magnus"]
[Black "Donchenko, Alexander"]
[Result "1/2-1/2"]
[WhiteElo "2862"]
[BlackElo "2668"]
[Annotator "TA"]
[PlyCount "137"]
[EventDate "2021.01.16"]
[EventType "tourn"]
[EventCountry "NED"]
[SourceTitle "playchess.com"]
[Source "ChessBase"]
[SourceQuality "1"]

1. e4 c5 2. Nf3 d6 3. d4 cxd4 4. Nxd4 Nf6 5. Nc3 a6 6. Be3 e5 7. Nb3 Be6 8. h3 Nc6 9. Qf3 Rc8 10. O-O-O Na5 11. Bg5 Be7 12. Bxf6 Bxf6 13. Nd5 Bg5+ 14. Kb1 h5 15. Be2 h4 16. Nxa5 Qxa5 17. Qb3 Qc5 18. Bg4 Qc4 19. Bxe6 fxe6 20. Nb6 Qxb3 21. axb3 Rc6 22. Nc4 Ke7 23. Rd3 Rf8 24. f3 Bf4 25. Rhd1 Rd8 26. c3 Rd7 27. Kc2 Rd8 28. Na5 Rc7 29. b4 Rdd7 30. Kb3 Rd8 31. Nc4 Rc6 32. Na3 d5 33. b5 Rcd6 34. bxa6 bxa6 35. Ka4 Rb8 36. b4 Rc6 37. Kb3 Rbc8 38. Ra1 Rc4 39. Ra2 a5 40. bxa5 Rb8+ 41. Kc2 Rc5 42. Nb1 Rbb5 43. exd5 exd5 44. a6 Ra5 45. Rxa5 Rxa5 46. c4 Rxa6 47. cxd5 Ra2+ 48. Kb3 Rxg2 49. Nc3 Rg3 50. d6+ Kd7 51. Ne4 Rxh3 52. Kc4 Rh1 53. Kd5 Rc1 54. Nc5+ Ke8 55. Ke6 Rxc5 56. Ra3 Rc8 57. d7+ Kd8 58. dxc8=Q+ Kxc8 59. Ra1 h3 60. Rh1 h2 61. Kf5 g5 62. Kg4 Kd7 63. Kh3 Ke6 64. Kg2 Kf5 65. Kh3 e4 66. fxe4+ Kxe4 67. Kg4 Ke3 68. Rxh2 Bxh2 69. Kxg5 1/2-1/2

[Event "84th Tata Steel Masters 2022"]
[Site "Wijk aan Zee"]
[Date "2022.01.20"]
[Round "5.1"]
[White "Giri, Anish"]
[Black "Vidit, Santosh Gujrathi"]
[Result "1/2-1/2"]
[WhiteElo "2772"]
[BlackElo "2727"]
[Annotator "TA"]
[PlyCount "65"]
[EventDate "2022.01.15"]
[EventType "tourn"]
[EventCountry "NED"]
[SourceTitle "playchess.com"]
[Source "ChessBase"]
[SourceQuality "1"]

1. e4 e5 2. Nf3 Nf6 3. Nxe5 d6 4. Nf3 Nxe4 5. d4 d5 6. Bd3 Bd6 7. O-O O-O 8. c4 c6 9. Re1 Bf5 10. Qb3 Qd7 11. c5 Bc7 12. Nc3 Re8 13. Be3 Na6 14. Ne2 f6 15. a3 g5 16. Qc2 h5 17. Rad1 h4 18. Nd2 Qh7 19. Nxe4 Bxe4 20. Bxe4 Qxe4 21. Qxe4 Rxe4 22. Nc3 Re7 23. h3 Rae8 24. Kf1 Bb8 25. Bd2 Nc7 26. Rxe7 Rxe7 27. a4 Ne6 28. Ne2 b6 29. cxb6 axb6 30. b4 Ra7 31. Ra1 Kf7 32. Ke1 Ke8 33. Kd1 1/2-1/2

[Event "85th Tata Steel Challengers 2023"]
[Site "Wijk aan Zee"]
[Date "2023.01.18"]
[Round "5.1"]
[White "Tabatabaei, M. Amin"]
[Black "Yilmaz, Mustafa"]
[Result "0-1"]
[WhiteElo "2686"]
[BlackElo "2609"]
[Annotator "TA"]
[PlyCount "98"]
[EventDate "2023.01.10"]
[EventType "tourn"]
[EventCountry "NED"]
[SourceTitle "playchess.com"]
[Source "ChessBase"]
[SourceQuality "1"]

1. c4 e6 2. Nc3 d5 3. d4 Nf6 4. cxd5 exd5 5. Bg5 c6 6. e3 Be7 7. Bd3 Nbd7 8. Nf3 Ne4 9. Bf4 Ndf6 10. O-O O-O 11. Ne5 Bd6 12. Na4 g5 13. Bxe4 Nxe4 14. f3 gxf4 15. fxe4 dxe4 16. exf4 f6 17. Nc4 Bc7 18. Ne3 Kh8 19. Rc1 Qe7 20. Qc2 Bd6 21. a3 Re8 22. Rce1 Qc7 23. g3 Bh3 24. Rf2 Rad8 25. Nc3 Qe7 26. Rd2 Bc7 27. Ncd1 Bb6 28. Nf2 Be6 29. Qc3 Bf7 30. b4 Qe6 31. Rb1 Rd6 32. f5 Qd7 33. Rbd1 Bd5 34. Kg2 Kg7 35. Nh3 Bf7 36. Nf4 Rd8 37. d5 cxd5 38. Rxd5 Bxd5 39. Rxd5 Rxd5 40. Nexd5 Qxf5 41. Nxf6 Kf7 42. N6d5 e3 43. Kf3 Rxd5 44. Qb3 e2 45. Kxe2 Qe4+ 46. Kf1 Qh1+ 47. Ke2 Qxh2+ 48. Kf3 Qf2+ 49. Ke4 Qd4+ 0-1